00630nam a2200181 a 450000100060000000300090000600800410001501500210005602000290007704000280010608200190013410000300015324501380018325000120032126000330033330000200036665000620038623348CO-ViMGA141112s2004 ck r 000 u spa d ack - 2009 - xxxx a9789584222251 9584222252 aCO-ViMGAbspacCO-ViMGA04a322.4220 R822c1 aRueda Calderón, Zenaida10aConfesiones de una guerrillera : blos secretos de Tirofijo, Jojoy y las Farc, revelados por primera vez / cZenaida Rueda Calderón a1a. ed. aBogotá : bPlaneta, c2009 a227 p. ; 23 cm.14aMujeres como guerrilleras - Relatos personales - Colombia